| 000 | 00945nam a2200205Ia 4500 | ||
|---|---|---|---|
| 003 | OSt | ||
| 005 | 20240624094030.0 | ||
| 008 | 240531t{260%c}||||xx |||||||||||||| ||und|| | ||
| 040 |
_aODONTO _bspa _cODONTO _dODONTO |
||
| 041 | _aspa | ||
| 082 | _a617.609 Z41 | ||
| 100 |
_aZebadúa García, Jorge Mario _97805 |
||
| 245 | 0 |
_aApuntes para la historia de la odontología (1895-1984) / _cJorge Mario Zebadúa García .-- |
|
| 260 |
_aGuatemala : _bArtes Gráficas, _c1984. |
||
| 300 |
_avii, 264 p. : _bil. ; _c27 cm. |
||
| 500 | _aLa copia 3 es fotocopia de una parte de: Apuntes para la historia de la odontología (1895-1984) | ||
| 505 | _a1o. de mayo de 1895 - 1o. de mayo de1995 Primer centenario de la emisión del decreto 297. Creación del Instituto Dental Anexo a la Facultad de Medicina y Farmacia del Centro. | ||
| 650 | 0 | 2 |
_aOdontología _xHistoria _zGuatemala _y1895-1984 _98347 |
| 942 |
_aBiblioteca de Odontología _cBK _n0 _k617.609 Z41 _2ddc |
||
| 999 |
_c2780 _d2780 |
||